|
|
|
|
| LEADER |
00000cam a2200000 7i4500 |
| 001 |
0000002198 |
| 005 |
20030322.0 |
| 020 |
0 |
0 |
|a 0643057994
|
| 090 |
0 |
0 |
|a 583.420994
|b FLO 1996
|
| 100 |
1 |
0 |
|a FLORENCE
|h R. G.
|
| 245 |
1 |
0 |
|a Ecology and silviculture of eucalypt forests
|c R.G. Florence
|
| 260 |
0 |
0 |
|a Collingwood, Vic., Australia :
|b CSIRO, Australia ,
|c 1996
|
| 300 |
|
|
|a xviii, 413 p. :
|b ill., maps ;
|c 27 cm.
|
| 500 |
0 |
0 |
|a Bibliography : (p. 379-413)
|
| 650 |
0 |
0 |
|a Eucalyptus
|x Ecology
|z Australia
|
| 650 |
0 |
0 |
|a Eucalyptus
|z Australia
|
| 650 |
0 |
0 |
|a Forest ecology
|z Australia
|
| 650 |
0 |
0 |
|a Forests and forestry
|z Australia
|
| 998 |
|
|
|a JPSM
|
| 999 |
|
|
|a 0000003720
|b Monograph
|c Open Shelf
|e Default branch
|